<?xml version="1.0" encoding="UTF-8"?>
<record
    xmlns:xsi="http://www.w3.org/2001/XMLSchema-instance"
    xsi:schemaLocation="http://www.loc.gov/MARC21/slim http://www.loc.gov/standards/marcxml/schema/MARC21slim.xsd"
    xmlns="http://www.loc.gov/MARC21/slim">

  <leader>01232nam a22002177a 4500</leader>
  <controlfield tag="003">OSt</controlfield>
  <controlfield tag="005">20230613125125.0</controlfield>
  <controlfield tag="008">140610b        xxu||||| |||| 00| 0 eng d</controlfield>
  <datafield tag="020" ind1=" " ind2=" ">
    <subfield code="a">9781408074305</subfield>
  </datafield>
  <datafield tag="040" ind1=" " ind2=" ">
    <subfield code="c">LC</subfield>
  </datafield>
  <datafield tag="050" ind1=" " ind2=" ">
    <subfield code="a">HD31.C67</subfield>
  </datafield>
  <datafield tag="100" ind1=" " ind2=" ">
    <subfield code="a">Cole, Gerald A.</subfield>
    <subfield code="9">1616</subfield>
  </datafield>
  <datafield tag="245" ind1=" " ind2=" ">
    <subfield code="a">Management: theory and practice. /</subfield>
    <subfield code="c">G. A. Cole and Phil Kelly</subfield>
  </datafield>
  <datafield tag="250" ind1=" " ind2=" ">
    <subfield code="a">7th ed.</subfield>
  </datafield>
  <datafield tag="260" ind1=" " ind2=" ">
    <subfield code="a">London:</subfield>
    <subfield code="b">South-Western/Cengage Learning,</subfield>
    <subfield code="c">2011.</subfield>
  </datafield>
  <datafield tag="300" ind1=" " ind2=" ">
    <subfield code="a">xvi, 608 p.;</subfield>
    <subfield code="b">ill.:</subfield>
    <subfield code="c">24cm.</subfield>
  </datafield>
  <datafield tag="500" ind1=" " ind2=" ">
    <subfield code="a">Includes index, glossary and appendix.</subfield>
  </datafield>
  <datafield tag="505" ind1=" " ind2=" ">
    <subfield code="a">Contents: 1. Management theory: Introduction -- Classical theories of management -- Human relations and social psychological theories -- Theories of leadership and group behaviour -- Systems and contingency approaches to management theory -- Modern approaches to management theory -- 2. Management in practice: The context of management -- Management planning -- Organising for management -- Control in management -- 3. Functional management-marketing, production, personnel and financial: Marketing management -- Production management -- Personnel management -- Financial aspects of management -- Appendix -- Glossary -- Index.</subfield>
  </datafield>
  <datafield tag="700" ind1=" " ind2=" ">
    <subfield code="a">Kelly, Phil.</subfield>
    <subfield code="9">1617</subfield>
  </datafield>
  <datafield tag="942" ind1=" " ind2=" ">
    <subfield code="2">lcc</subfield>
    <subfield code="c">BK</subfield>
  </datafield>
  <datafield tag="999" ind1=" " ind2=" ">
    <subfield code="c">7673</subfield>
    <subfield code="d">15173</subfield>
  </datafield>
  <datafield tag="952" ind1=" " ind2=" ">
    <subfield code="0">0</subfield>
    <subfield code="1">0</subfield>
    <subfield code="2">lcc</subfield>
    <subfield code="4">0</subfield>
    <subfield code="7">0</subfield>
    <subfield code="a">WIUC-KL</subfield>
    <subfield code="b">WIUC-KL</subfield>
    <subfield code="c">GEN</subfield>
    <subfield code="d">2019-10-24</subfield>
    <subfield code="o">HD31.C67(7e)</subfield>
    <subfield code="p">K/416/416/19</subfield>
    <subfield code="r">2021-06-25 00:00:00</subfield>
    <subfield code="t">1</subfield>
    <subfield code="w">2021-06-25</subfield>
    <subfield code="y">BK</subfield>
  </datafield>
  <datafield tag="952" ind1=" " ind2=" ">
    <subfield code="0">0</subfield>
    <subfield code="1">0</subfield>
    <subfield code="2">lcc</subfield>
    <subfield code="4">0</subfield>
    <subfield code="7">0</subfield>
    <subfield code="a">WIUC-KL</subfield>
    <subfield code="b">WIUC-KL</subfield>
    <subfield code="c">GEN</subfield>
    <subfield code="d">2019-10-24</subfield>
    <subfield code="o">HD31.C671(7e)</subfield>
    <subfield code="p">K/417/417/19</subfield>
    <subfield code="r">2021-06-25 00:00:00</subfield>
    <subfield code="t">2</subfield>
    <subfield code="w">2021-06-25</subfield>
    <subfield code="y">BK</subfield>
  </datafield>
  <datafield tag="952" ind1=" " ind2=" ">
    <subfield code="0">0</subfield>
    <subfield code="1">0</subfield>
    <subfield code="2">lcc</subfield>
    <subfield code="4">0</subfield>
    <subfield code="7">0</subfield>
    <subfield code="a">WIUC-KL</subfield>
    <subfield code="b">WIUC-KL</subfield>
    <subfield code="c">GEN</subfield>
    <subfield code="d">2019-10-24</subfield>
    <subfield code="o">HD31.C672(7e)</subfield>
    <subfield code="p">K/418/418/19</subfield>
    <subfield code="r">2021-06-25 00:00:00</subfield>
    <subfield code="t">3</subfield>
    <subfield code="w">2021-06-25</subfield>
    <subfield code="y">BK</subfield>
  </datafield>
  <datafield tag="952" ind1=" " ind2=" ">
    <subfield code="0">0</subfield>
    <subfield code="1">0</subfield>
    <subfield code="2">lcc</subfield>
    <subfield code="4">0</subfield>
    <subfield code="7">0</subfield>
    <subfield code="a">WIUC-KL</subfield>
    <subfield code="b">WIUC-KL</subfield>
    <subfield code="c">GEN</subfield>
    <subfield code="d">2019-11-11</subfield>
    <subfield code="o">HD31.C673(7e)</subfield>
    <subfield code="p">K/1847/1847/19</subfield>
    <subfield code="r">2021-12-02 00:00:00</subfield>
    <subfield code="t">4</subfield>
    <subfield code="w">2021-06-25</subfield>
    <subfield code="y">BK</subfield>
  </datafield>
  <datafield tag="952" ind1=" " ind2=" ">
    <subfield code="0">0</subfield>
    <subfield code="1">0</subfield>
    <subfield code="2">lcc</subfield>
    <subfield code="4">0</subfield>
    <subfield code="7">0</subfield>
    <subfield code="a">WIUC-KL</subfield>
    <subfield code="b">WIUC-KL</subfield>
    <subfield code="c">GEN</subfield>
    <subfield code="d">2019-11-11</subfield>
    <subfield code="o">HD31.C674(7e)</subfield>
    <subfield code="p">K/1848/1848/19</subfield>
    <subfield code="r">2021-12-02 00:00:00</subfield>
    <subfield code="t">5</subfield>
    <subfield code="w">2021-06-25</subfield>
    <subfield code="y">BK</subfield>
  </datafield>
  <datafield tag="952" ind1=" " ind2=" ">
    <subfield code="0">0</subfield>
    <subfield code="1">0</subfield>
    <subfield code="2">lcc</subfield>
    <subfield code="4">0</subfield>
    <subfield code="7">0</subfield>
    <subfield code="a">WIUC-KL</subfield>
    <subfield code="b">WIUC-KL</subfield>
    <subfield code="c">GEN</subfield>
    <subfield code="d">2019-11-11</subfield>
    <subfield code="o">HD31.C675(7e)</subfield>
    <subfield code="p">K/1849/1849/19</subfield>
    <subfield code="r">2021-12-02 00:00:00</subfield>
    <subfield code="t">6</subfield>
    <subfield code="w">2021-06-25</subfield>
    <subfield code="y">BK</subfield>
  </datafield>
  <datafield tag="952" ind1=" " ind2=" ">
    <subfield code="0">0</subfield>
    <subfield code="1">0</subfield>
    <subfield code="2">lcc</subfield>
    <subfield code="4">0</subfield>
    <subfield code="7">0</subfield>
    <subfield code="a">WIUC-KL</subfield>
    <subfield code="b">WIUC-KL</subfield>
    <subfield code="c">GEN</subfield>
    <subfield code="d">2019-11-11</subfield>
    <subfield code="o">HD31.C676(7e)</subfield>
    <subfield code="p">K/1850/1850/19</subfield>
    <subfield code="r">2021-12-02 00:00:00</subfield>
    <subfield code="t">7</subfield>
    <subfield code="w">2021-06-25</subfield>
    <subfield code="y">BK</subfield>
  </datafield>
  <datafield tag="952" ind1=" " ind2=" ">
    <subfield code="0">0</subfield>
    <subfield code="1">0</subfield>
    <subfield code="2">lcc</subfield>
    <subfield code="4">0</subfield>
    <subfield code="7">0</subfield>
    <subfield code="a">WIUC-1</subfield>
    <subfield code="b">WIUC-1</subfield>
    <subfield code="c">GEN</subfield>
    <subfield code="d">2023-06-13</subfield>
    <subfield code="o">HD31.C67(7e)</subfield>
    <subfield code="p">9512/213/23</subfield>
    <subfield code="r">2023-06-13 00:00:00</subfield>
    <subfield code="t">1</subfield>
    <subfield code="w">2023-06-13</subfield>
    <subfield code="y">BK</subfield>
  </datafield>
  <datafield tag="952" ind1=" " ind2=" ">
    <subfield code="0">0</subfield>
    <subfield code="1">0</subfield>
    <subfield code="2">lcc</subfield>
    <subfield code="4">0</subfield>
    <subfield code="7">0</subfield>
    <subfield code="a">WIUC-1</subfield>
    <subfield code="b">WIUC-1</subfield>
    <subfield code="c">GEN</subfield>
    <subfield code="d">2023-06-13</subfield>
    <subfield code="o">HD31.C671(7e)</subfield>
    <subfield code="p">9513/214/23</subfield>
    <subfield code="r">2023-06-13 00:00:00</subfield>
    <subfield code="t">2</subfield>
    <subfield code="w">2023-06-13</subfield>
    <subfield code="y">BK</subfield>
  </datafield>
</record>
